01395 2200241 4500001002100000005001500021035002000036007000300056008004100059020002200100082001000122084001600132100001600148245003500164250001100199260004200210300003500252650001000287650001800297650001700315520080400332990001701136INLIS00000000000225020260416100034 a0010-0426000007ta260416 g f ind  a978-602-7816-44-2 a82-31 a82-31 AMA g0 aAmato, Mary1 aGuitar Notes: pada suatu malam aCet. 1 aJakarta Selatan :bNoura Books,c2013 a353 hlm :bilus. ;c13 x 19 cm 4aNOVEL 4aFIKSI INGGRIS 4aGUITAR NOTES aNovel ini mengisahkan tentang pertemuan dua remaja yang sangat berbeda melalui perantara musik dan surat. Tripp Broody adalah seorang penyendiri yang merasa hidupnya hampa setelah gitarnya disita oleh ibunya. Di sisi lain, Lyla Marks adalah siswi teladan yang merupakan pemain selo berbakat, namun ia mulai merasa jenuh dengan tekanan ekspektasi ayahnya. Melalui pertukaran pesan dan melodi, Tripp dan Lyla belajar untuk jujur pada diri sendiri. Tripp kembali menemukan semangat musiknya, sementara Lyla mulai berani melepaskan diri dari bayang-bayang tuntutan orang tuanya untuk menemukan suaranya sendiri. Guitar Notes bukan sekadar kisah romansa remaja, melainkan sebuah eksplorasi mendalam tentang kekuatan ekspresi diri, kejujuran, dan bagaimana seni dapat menghubungkan dua jiwa yang terasing. a4044/BBPP/26